000 00648nam a22002297a 4500
001 240004
003 DO-SdBNP
005 20180206104018.0
007 240003
008 160314b 1968 sp xxu||||| |||| 00| 0 spa d
040 _aBPMSU
_bspa
_cBPMSU
092 _axxxx
_bxxxx
100 1 _aGarcía Corella, Laura
245 1 0 _aVelda pierde su ejército /
_cLaura García Corella.
260 _aBilbao, España :
_bVasco Americana,
_c1968.
300 _a119 p. :
_bil. ;
_c19 cm.
490 1 _aJovencita
_v2
830 0 _aJovencita ;
_n2
942 _2ddc
_cBK
945 _aInventariado, 2018 / BT
956 _2LOPEREZ
_310
_620160314
_8BPMSU
_a00260
999 _c9220
_d9220